The Ultimate Defunct North American Coaster Quiz - Statistics

General Stats
  • This quiz has been taken 58 times
  • The average score is 80 of 362
Answer Stats
Hint Answer % Correct
Busch Gardens Williamsburg Big Bad Wolf
79%
Kings Island Bat
71%
Six Flags Magic Mountain | Six Flags Over Texas Flashback
71%
Six Flags Great Adventure | Six Flags Over Georgia Viper
71%
Adventureland | Beech Bend | Deno's Wonder Wheel | +2 others Dragon
67%
Six Flags New England Goliath
67%
Kings Island Son Of Beast
67%
Knott's Berry Farm Boomerang
63%
Six Flags Magic Mountain Colossus
63%
Cedar Point | Palace Playland | Six Flags New England Cyclone
63%
Cedar Point Disaster Transport
63%
Cedar Point Mean Streak
63%
Cedar Point Wicked Twister
63%
Six Flags Great America | Six Flags Magic Mountain | Six Flags Over Georgia Deja Vu
58%
Six Flags Discovery Kingdom Roar
58%
Kings Dominion | Six Flags Great Adventure | Six Flags Great America | Six Flags Magic Mountain Shockwave
58%
Six Flags Over Texas Texas Giant
58%
Kings Dominion Volcano The Blast Coaster
58%
Knott's Berry Farm | PNE Playland Corkscrew
54%
Busch Gardens Williamsburg Drachen Fire
54%
Kings Dominion Hurler
54%
Kings Dominion Hypersonic XLC
54%
Six Flags Great Adventure | Six Flags Great America Rolling Thunder
54%
Calaway Park | Kings Island Vortex
54%
Cedar Point | Hersheypark | Jolly Roger Amusement Park | +3 others Wildcat
54%
Rye Playland | Seabreeze Wild Cat
54%
Six Flags Great Adventure Batman and Robin: The Chiller
50%
Kings Island Firehawk
50%
Six Flags Great Adventure Great American Scream Machine
50%
Six Flags Magic Mountain Green Lantern: First Flight
50%
Busch Gardens Tampa Gwazi
50%
Kings Island King Cobra
50%
Six Flags Fiesta Texas Rattler
50%
Kentucky Kingdom Twisted Twins
50%
Universal Islands of Adveture Dragon Challenge
46%
Busch Gardens Tampa | Playland's Castaway Cove | Six Flags America Python
46%
Six Flags Great America Iron Wolf
42%
Arnolds Park | Beech Bend | Canobie Lake Park | +13 others Wild Mouse
42%
Conneaut Lake Park Blue Streak
38%
Kings Island Demon
38%
Cedar Point Leap the Dips
38%
Six Flags New Orleans Batman The Ride
33%
Kentucky Kingdom Chang
33%
Wild Adventures Cheetah
33%
La Ronde Cobra
33%
Niagara Amusement Park | Steel Pier Crazy Mouse
33%
Six Flags Over Georgia Georgia Cyclone
33%
Cliff's Amusement Park | Frontier City | Joyland Amusement Park | Lakemont Park Mad Mouse
33%
Niagara Amusement Park | Santa Cruz Beach Boardwalk | Worlds of Fun Orient Express
33%
Disney's Animal Kingdom Primeval Whirl
33%
Six Flags Magic Mountain Psyclone
33%
Waldameer Ravine Flyer
33%
Canada's Wonderland Skyrider
33%
Carowinds Thunder Road
33%
Michigan's Adventure Big Dipper
29%
Canobie Lake Park Canobie Corkscrew
29%
Six Flags Discovery Kingdom Harley Quinn Crazy Coaster
29%
Dorney Park Laser
29%
Cedar Point | Kennywood Racer
29%
Arnolds Park | Camden Park | PNE Playland | Playland's Castaway Cove Roller Coaster
29%
Six Flags Great Adventure | Six Flags Magic Mountain Sarajevo Bobsleds
29%
Dorney Park Stinger
29%
La Ronde Super Manege
29%
Six Flags Great Adventure Ultra Twister
29%
Knott's Berry Farm Windjammer Surf Racers
29%
Six Flags Great America | Six Flags Over Georgia Z Force
29%
Cedar Point Broadway Trip
25%
Cliff's Amusement Park | Silverwood Coaster
25%
Morey's Piers | Playland's Castaway Cove | Rye Playland Flitzer
25%
California's Great America Greased Lightnin
25%
Kentucky Kingdom Greezed Lightnin
25%
California's Great America Invertigo
25%
Six Flags Fiesta Texas Joker's Revenge
25%
Kings Dominion KIng Kobra
25%
Jolly Roger Amusement Park King Kobra
25%
Kennywood Laser Loop
25%
Adventureland (Long Island) | Cedar Point | Indiana Beach | +2 others Little Dipper
25%
Beech Bend | Jolly Roger Amusement Park Looping Star
25%
Six Flags New Orleans Mega Zeph
25%
Mount Olympus Opa
25%
Six Flags Great America Ragin Cajun
25%
Six Flags Great America Tidal Wave
25%
Lakemont Park Twister
25%
Knott's Berry Farm Wacky Soap Box Racers
25%
California's Great America Whizzer
25%
Worlds of Fun Zambezi Zinger
25%
Six Flags Discovery Kingdom Zonga
25%
Adventureland (Long Island) | Indiana Beach | Kings Dominion | Palace Playland Galaxi
21%
Six Flags New England Giant Dip
21%
Dorney Park Hercules
21%
Adventureland (Long Island) | Rye Playland | Santa Cruz Beach Boardwalk Hurricane
21%
Six Flags New England Lightning
21%
Cedar Point Loop The Loop
21%
Niagara Amusement Park Max's Doggy Dog Coaster
21%
Adventuredome Miner Mike
21%
Kings Island Scooby's Ghoster Coaster
21%
Cedar Point Switchback Railway
21%
Castle Park Tornado
21%
Magic Springs Twist N Shout
21%
Kentucky Kingdom Vampire
21%
Wild Adventures Viking Voyage
21%
Alabama Adventure Zoomerang
21%
Magic Springs | Morey's Piers | Rye Playland Zyklon
21%
Kings Island Bavarian Beetle
17%
Dorney Park | PNE Playland Dragon Coaster
17%
Adventureland (Long Island) | Casino Pier | Indiana Beach | Luna Park Dragon Wagon
17%
Cedar Point High Frolics
17%
Dorney Park | Fun Spot Kissimmee | Wild Waves Kiddie Coaster
17%
Six Flags Great Adventure Lightnin Loops
17%
Six Flags Discovery Kingdom Pandemonium
17%
Hersheypark Roller Soaker
17%
Six Flags America Two Face: The Flip Side
17%
Carowinds White Lightnin
17%
Jolly Roger Amusement Park Avalanche
13%
Six Flags New England Black Widow
13%
Kennywood Dipper
13%
Elitch Gardens Flying Coaster
13%
Carowinds Flying Super Saturator
13%
Conneaut Lake Park | Palace Playland Jack Rabbit
13%
Beech Bend | Casino Pier | Knoebels | +2 others Jet Star
13%
Cedar Point | Morey's Piers | Palace Playland | Six Flags Great Adventure Jumbo Jet
13%
Six Flags Over Georgia Mini Mine Train
13%
Kentucky Kingdom | Six Flags New Orleans Road Runner Express
13%
California's Great America Stealth
13%
Knoebels | Rye Playland Whirlwind
13%
Blue Bayou Dixie Landin Xtreme
13%
Six Flags New Orleans Zydeco Scream
13%
Holiday World | Jolly Roger Amusement Park Firecracker
8%
California's Great America | Six Flags Great America Gulf Coaster
8%
Six Flags New Orleans Jester
8%
Valleyfair Mild Thing
8%
Six Flags New Orleans Muskrat Scrambler
8%
Six Flags Darien Lake Nightmare at Phantom Cave
8%
Six Flags St Louis River King Mine Train
8%
Magic Springs Roaring Tornado
8%
Cedar Point | Dollywood Scamper
8%
Conneaut Lake Park | Kennywood | Lagoon | +2 others Scenic Railway
8%
Jolly Roger Amusement Park | Playland's Castaway Cove Sea Serpent
8%
Kennywood Teddy Bear
8%
Wild Adventures Tiger Terror
8%
Adventureland (Long Island) | Arnolds Park | Casino Pier | +4 others Toboggan
8%
Frontier City Wild Kitty
8%
Busch Gardens Williamsburg Wild Maus
8%
Six Flags Over Texas Big Bend
4%
Busch Gardens Williamsburg Das Kätzchen
4%
Morey's Piers Doo Whopper
4%
Legoland Florida | Wild Adventures Fiesta Express
4%
Legoland Florida Galaxy Spin
4%
Busch Gardens Williamsburg Glissade
4%
Wild Adventures Gold Rush
4%
Knoebels High Speed Thrill Coaster
4%
Six Flags Magic Mountain Mountain Express
4%
Lagoon New Wilder Wild Mouse
4%
Great Escape Nightmare at Crack Axle Canyon
4%
Frontier City Nightmare Mine
4%
Valleyfair Rails
4%
Six Flags Great Adventure Road Runner Railway
4%
Canobie Lake Park | Six Flags St Louis Rockin Roller
4%
Silver Dollar City Runaway Ore Cart
4%
Dollywood Sideshow Spin
4%
Legoland California Spellbreaker
4%
Kentucky Kingdom Starchaser
4%
Casino Pier Star Jet
4%
Legoland Florida Starliner
4%
Dorney Park Steel First
4%
Kennywood Steeplechase
4%
Cedar Point Super Coaster
4%
Arnolds Park Thriller
4%
Camden Park Thunderbolt Express
4%
Dollywood Thunder Express
4%
Trimper Rides Wacky Worm
4%
Casino Pier Wizard's Cavern
4%
Rye Playland Airplane Coaster
0%
Six Flags Great Adventure Alpen Blitz
0%
Luna Park Big Apple
0%
Six Flags Great Adventure Big Fury
0%
Steel Pier Big Top Sideshow
0%
Kennywood Brownie Coaster
0%
Seabreeze Bunny Rabbit
0%
Elitch Gardens Cactus Coaster
0%
Holiday World Children's Roller Coaster
0%
Palace Playland | Steel Pier City Jet
0%
Six Flags Over Texas Cucaracha
0%
Lakeside Amusement Park Derby Racer
0%
Adventureland Der Flitzer
0%
Busch Gardens Williamsburg Die Wildkatze
0%
Cedar Point Dip the Dips Scenic Railway
0%
Mount Olympus Dive To Atlantis
0%
Worlds of Fun Extremeroller
0%
Seabreeze | Waldameer Figure Eight
0%
Frontier City Fitzer
0%
Dorney Park Flying Dutchman
0%
Jolly Roger Amusement Park Gallassia
0%
Kennywood Gee Whizz Dip the Dips
0%
Luna Park Giant Racer
0%
Conneaut Lake Park | Palace Playland | Steel Pier Go Gator
0%
Lakemont Park Gravity Road
0%
Six Flags America Great Alonzo's Cannonball Coaster
0%
Dorney Park Great Scenic Railway
0%
Lake Compounce Green Dragon
0%
Seabreeze | Six Flags New England Greyhound
0%
Casino Pier Hells Angels
0%
Great Escape Italian Roller Coaster
0%
Seabreeze Jack n Jill Scenic
0%
Morey's Piers Jet 400
0%
Six Flags St Louis Jet Scream
0%
Canobie Lake Park Jr Roller Coaster
0%
Morey's Piers Katapult
0%
La Ronde La Course
0%
Santa Cruz Beach Boardwalk L.A Thompson Scenic Railway
0%
Six Flags Great Adventure Lil Thunder
0%
Lakemont Park Lilttle Leaper
0%
Six Flags New England Little Rickie's Little Twister
0%
Lagoon Little Roller Coaster
0%
Canobie Lake Park Mammoth Roller Coaster
0%
Alabama Adventure Marvel Mania
0%
Playland's Castaway Cove Mighty Mouse
0%
Jolly Roger Amusement Park Miller's Gold Mine
0%
Dorney Park Mini Coaster
0%
Hersheypark Mini Comet
0%
PNE Playland | Rye Playland Monster Mouse
0%
La Ronde Montagnes Russes
0%
Seabreeze Quantum Loop
0%
Jolly Roger Amusement Park Racing
0%
Morey's Piers RC 48
0%
Lake Compounce Roll in the Dark
0%
Elitch Gardens Runaway Train
0%
Worlds of Fun Schussboomer
0%
Worlds of Fun Silly Serpent
0%
Adventureland (Long Island) | Trimper Rides Sooper Jet
0%
Kennywood Speed O Plane
0%
Western Playland Spinning Coaster
0%
PNE Playland Super Big Gulp
0%
Adventureland Super Screamer
0%
Kennywood | Lakeside Amusement Park Tickler
0%
Jolly Roger Amusement Park Time Twister
0%
Lakeside Amusement Park Velvet Coaster
0%
Conneaut Lake Park Virginia Reel
0%
Six Flags New England Whirlwind Racer
0%
Magic Springs Wild Hog
0%
Six Flags Great Adventure Wild Rider
0%
PNE Playland Zillerator
0%
Morey's Piers Zyclone
0%
No matching quizzes found
Score Distribution
Percent of People with Each Score
Percentile by Number Answered
Your Score History
You have not taken this quiz